000 00439nmm a2200157Ia 4500
008 251105s9999||||xx |||||||||||||||||und||
020 _a9789580611646
041 _aspa
100 _aHeigl, Alois
245 0 _aLa Tercera Resurrección
264 _a[Bogotá, Colombia] :
_bOveja Negra,
_c2011
300 _a472 páginas
650 _aLatin American narrative
856 _uhttps://public.digitaliapublishing.com/a/19850
942 _cCF
999 _c94843
_d94843